| 000 | 00483nam a2200169Ia 4500 | ||
|---|---|---|---|
| 008 | 140527s9999 xx 000 0 und d | ||
| 020 | _a9781412931205 | ||
| 050 |
_aPN 4775 _b.C64 2010 |
||
| 100 | _aCole, Peter. | ||
| 245 |
_aNewspaper journalism / _cPeter Cole, Tony Harcup |
||
| 260 |
_aLos Angeles, Calif. : _bSAGE, _cc2010. |
||
| 300 |
_a223 p. ; _c24 cm. |
||
| 500 | _aIncludes bibliographical references and index. | ||
| 521 | _aMC | ||
| 942 |
_kFOR _cBK |
||
| 999 |
_c117465 _d117465 |
||